الاستراتيجية والدبلوماسية والبروتوكول : (Record no. 6631)
[ view plain ]
| 000 -LEADER | |
|---|---|
| fixed length control field | 00788nac a22001811u 4500 |
| 008 - FIXED-LENGTH DATA ELEMENTS--GENERAL INFORMATION | |
| fixed length control field | 100725s2004 le||||||r||| 000 0 ra d |
| 020 ## - INTERNATIONAL STANDARD BOOK NUMBER | |
| International Standard Book Number | 9953365792 |
| 082 ## - DEWEY DECIMAL CLASSIFICATION NUMBER | |
| Classification number | 395 |
| Item number | ج ل ا |
| Edition number | 22 |
| 245 ## - TITLE STATEMENT | |
| Title | الاستراتيجية والدبلوماسية والبروتوكول : |
| Remainder of title | بين الإسلام والمجتمع الحديث/ |
| Statement of responsibility, etc | محمد نعمان جلال |
| 260 ## - PUBLICATION, DISTRIBUTION, ETC. (IMPRINT) | |
| Place of publication, distribution, etc | بيروت : |
| Name of publisher, distributor, etc | المؤسسة العربية للدراسات والنشر،2004 |
| Date of publication, distribution, etc | c2004. |
| 300 ## - PHYSICAL DESCRIPTION | |
| Extent | 405 ص : |
| Other physical details | ايض؛ |
| Dimensions | 24 سم |
| 504 ## - BIBLIOGRAPHY, ETC. NOTE | |
| Bibliography, etc | يشتمل على قائمة ببليوجرافية |
| 511 ## - PARTICIPANT OR PERFORMER NOTE | |
| Participant or performer note | Catalogued by: Sara |
| 650 ## - SUBJECT ADDED ENTRY--TOPICAL TERM | |
| Topical term or geographic name as entry element | الإسلام والمجتمع |
| 9 (RLIN) | 13668 |
| 650 ## - SUBJECT ADDED ENTRY--TOPICAL TERM | |
| Topical term or geographic name as entry element | آداب السلوك |
| 9 (RLIN) | 16955 |
| 650 ## - SUBJECT ADDED ENTRY--TOPICAL TERM | |
| Topical term or geographic name as entry element | الآداب الإسلامية |
| 9 (RLIN) | 14970 |
| 942 ## - ADDED ENTRY ELEMENTS (KOHA) | |
| Item type | Book - Borrowing |
| Call number prefix | 395 ج ل ا |
| Source of classification or shelving scheme | Dewey Decimal Classification |
| Withdrawn status | Item status | Source of classification or shelving scheme | Damaged status | Not for loan | Vendor | Home library | Current library | Shelving location | Date acquired | Source of acquisition | Total Checkouts | Full call number | Barcode | Date last seen | Koha item type |
|---|---|---|---|---|---|---|---|---|---|---|---|---|---|---|---|
| Dewey Decimal Classification | Alef-Baa | Central Library | Central Library | First floor | 25/07/2010 | 395 ج ل ا | 000008094 | 15/07/2025 | Book - Borrowing |